MODI'S MEDICAL JURISPRUDENCE AND TOXICOLOGY (Record no. 1134)

MARC details
000 -LEADER
fixed length control field 00367nam a2200133Ia 4500
008 - FIXED-LENGTH DATA ELEMENTS--GENERAL INFORMATION
fixed length control field 150201s1920 xx 000 0 und d
082 ## - DEWEY DECIMAL CLASSIFICATION NUMBER
Classification number 614.1
Item number M20M
100 ## - MAIN ENTRY--PERSONAL NAME
Personal name MATHIHARAN,K
245 ## - TITLE STATEMENT
Title MODI'S MEDICAL JURISPRUDENCE AND TOXICOLOGY
250 ## - EDITION STATEMENT
Edition statement 23RD
260 ## - PUBLICATION, DISTRIBUTION, ETC. (IMPRINT)
Name of publisher, distributor, etc. LEXIAMEXINS BUTTERWRTHR WADHAWA
Place of publication, distribution, etc. NAGPUR
Date of publication, distribution, etc. 1920
650 ## - SUBJECT ADDED ENTRY--TOPICAL TERM
Topical term or geographic name as entry element FORENSIC MEDICINE
942 ## - ADDED ENTRY ELEMENTS (KOHA)
Source of classification or shelving scheme Dewey Decimal Classification
Koha item type Books
Koha issues (borrowed), all copies 1
Holdings
Withdrawn status Lost status Source of classification or shelving scheme Damaged status Not for loan Collection code Home library Current library Shelving location Date acquired Source of acquisition Cost, normal purchase price SGTU Bill Number Total Checkouts Full call number Barcode Date last seen Date last checked out Bill Date Koha item type
    Dewey Decimal Classification     MEDICAL SGT Medical Library SGT Medical Library Text Book 21/12/2010 U.B.S. DELHI 1095.00 SGTU 726 1 614.1 M20M FM4410 21/09/2021 21/09/2021 21/12/2010 Books
    Dewey Decimal Classification     MEDICAL SGT Medical Library SGT Medical Library Text Book 21/12/2010 U.B.S. DELHI 1095.00 SGTU 726   614.1 M20M FM4411 09/02/2015   21/12/2010 Books
    Dewey Decimal Classification     MEDICAL SGT Medical Library SGT Medical Library Text Book 21/12/2010 U.B.S. DELHI 1095.00 SGTU 726   614.1 M20M FM4412 09/02/2015   21/12/2010 Books
    Dewey Decimal Classification     MEDICAL SGT Medical Library SGT Medical Library Text Book 21/12/2010 U.B.S. DELHI 1095.00 SGTU 726   614.1 M20M FM4413 09/02/2015   21/12/2010 Books
    Dewey Decimal Classification     MEDICAL SGT Medical Library SGT Medical Library Text Book 21/12/2010 U.B.S. DELHI 1095.00 SGTU 726   614.1 M20M FM4414 09/02/2015   21/12/2010 Books